[Event "Moscow Open B 2014"]
[Site "Moscow RUS"]
[Date "2014.02.05"]
[Round "5.2"]
[White "Kashlinskaya, Alina"]
[Black "Mammadzada, Gunay"]
[Result "1-0"]
[WhiteTitle "WGM"]
[BlackTitle "WFM"]
[WhiteElo "2433"]
[BlackElo "2080"]
[WhiteFideId "4198026"]
[BlackFideId "13403729"]
[EventDate "2014.02.01"]

1. d4 d5 2. c4 c6 3. Nc3 Nf6 4. e3 e6 5. Nf3 Nbd7 6. Qc2 b6 7. Bd3 Be7 8. O-O
Bb7 9. b3 O-O 10. Bb2 Rc8 11. Rad1 Qc7 12. Ne5 Rfd8 13. f4 Nf8 14. cxd5 exd5 15.
Bf5 Ne6 16. g4 c5 17. g5 cxd4 18. gxf6 dxc3 19. Bxh7+ Kf8 20. fxe7+ Qxe7 21. Qf5
Qf6 22. Ba3+ Ke8 23. Qxf6 gxf6 24. Ng4 1-0

[Event "Moscow Open B 2014"]
[Site "Moscow RUS"]
[Date "2014.02.05"]
[Round "5.3"]
[White "Papp, Petra"]
[Black "Bodnaruk, Anastasia"]
[Result "1/2-1/2"]
[WhiteTitle "WGM"]
[BlackTitle "IM"]
[WhiteElo "2319"]
[BlackElo "2452"]
[WhiteFideId "739049"]
[BlackFideId "4181751"]
[EventDate "2014.02.01"]

1. e4 c5 2. Nf3 d6 3. Bb5+ Nc6 4. O-O Bd7 5. Re1 Nf6 6. c3 a6 7. Bf1 Bg4 8. h3
Bxf3 9. Qxf3 g6 10. d3 Bg7 11. Be3 O-O 12. Nd2 Ne8 13. Qd1 b5 14. Nf3 Nc7 15. d4
cxd4 16. Nxd4 Qd7 17. a4 e5 18. axb5 Nxd4 19. b6 Nde6 20. bxc7 Nxc7 21. Qa4 Qxa4
22. Rxa4 Rfb8 23. Ra2 d5 24. exd5 Nxd5 25. Bxa6 Nxe3 26. fxe3 e4 27. Rea1 Bh6
28. Kf2 Rxa6 29. Rxa6 Rxb2+ 30. Kf1 Bxe3 31. R6a2 Rb3 32. Re2 Rxc3 33. Rae1 Bg5
34. Rxe4 h5 35. h4 Bf6 36. Kf2 Kg7 37. g3 Bd8 38. Kg2 Bc7 39. R4e3 Rxe3 40. Rxe3
Bb6 41. Rb3 Bc7 42. Kf3 Kf6 43. Ke4 Ke6 44. Ra3 Bb8 45. Ra6+ Ke7 46. Kf3 Be5 47.
g4 hxg4+ 48. Kxg4 Bc3 49. h5 gxh5+ 50. Kxh5 Bd2 51. Kg4 Bc3 52. Kf5 Bb2 53. Ra7+
Kf8 54. Rb7 Bc3 55. Rxf7+ Kxf7 56. Ke4 1/2-1/2

[Event "Moscow Open B 2014"]
[Site "Moscow RUS"]
[Date "2014.02.05"]
[Round "5.4"]
[White "Belenkaya, Dina"]
[Black "Kovanova, Baira"]
[Result "1/2-1/2"]
[WhiteTitle "WFM"]
[BlackTitle "WGM"]
[WhiteElo "2246"]
[BlackElo "2400"]
[WhiteFideId "24142654"]
[BlackFideId "4164083"]
[EventDate "2014.02.01"]

1. e4 e5 2. Nf3 Nc6 3. Bb5 a6 4. Bxc6 dxc6 5. O-O Bg4 6. h3 h5 7. d3 Qf6 8. Be3
Bxf3 9. Qxf3 Qxf3 10. gxf3 Bd6 11. Nd2 Ne7 12. Nc4 g5 13. Kh2 f6 14. Rg1 Ng6 15.
Bd2 Nh4 16. Kg3 Bc5 17. Ne3 O-O-O 18. Nf5 Nxf5+ 19. exf5 Rdg8 20. Rae1 Rg7 21.
Re4 Rgh7 22. Rh1 Rg8 23. Rg1 Rgh8 24. Rh1 Rg8 25. Rg1 Rgh8 26. Rh1 1/2-1/2

[Event "Moscow Open B 2014"]
[Site "Moscow RUS"]
[Date "2014.02.05"]
[Round "5.5"]
[White "Aseeva, Anastasia"]
[Black "Doluhanova, Evgeniya"]
[Result "0-1"]
[BlackTitle "WGM"]
[WhiteElo "1997"]
[BlackElo "2345"]
[WhiteFideId "4184971"]
[BlackFideId "14112035"]
[EventDate "2014.02.01"]

1. d4 Nf6 2. c4 e6 3. Nf3 Bb4+ 4. Bd2 Qe7 5. g3 Bxd2+ 6. Nbxd2 d6 7. Bg2 O-O 8.
O-O e5 9. dxe5 dxe5 10. Qb3 Nc6 11. e3 a5 12. a3 Rd8 13. Qc2 g6 14. Rfe1 Bf5 15.
e4 Be6 16. Qc3 a4 17. Nf1 Qc5 18. Rac1 Ra6 19. N3d2 Ng4 20. Ne3 Nxe3 21. Rxe3
Rb6 22. Re2 Qd4 23. Nb1 Qxc3 24. Nxc3 Nd4 25. Ree1 Rxb2 26. Rb1 Rxb1 27. Rxb1
Bxc4 28. Nxa4 Ne2+ 29. Kh1 Rd2 30. h4 b5 31. Nc5 Kg7 32. Ra1 Nd4 33. a4 b4 34.
a5 b3 35. Na4 Ra2 36. Rc1 Rxa4 0-1

[Event "Moscow Open B 2014"]
[Site "Moscow RUS"]
[Date "2014.02.06"]
[Round "6.1"]
[White "Kashlinskaya, Alina"]
[Black "Charochkina, Daria"]
[Result "1-0"]
[WhiteTitle "WGM"]
[BlackTitle "WGM"]
[WhiteElo "2433"]
[BlackElo "2359"]
[WhiteFideId "4198026"]
[BlackFideId "4180917"]
[EventDate "2014.02.01"]

1. e4 c5 2. Nf3 Nc6 3. c3 Qa5 4. a3 Nf6 5. e5 Nd5 6. Bc4 Nb6 7. Ba2 c4 8. d4 d6
9. exd6 exd6 10. Qe2+ Be6 11. Nbd2 d5 12. Ng5 O-O-O 13. Nxe6 Re8 14. O-O Rxe6
15. Qf3 Bd6 16. Qxf7 Rf6 17. Qxg7 Rff8 18. Qh6 Bc7 19. Nf3 Qa4 20. Bd2 Kb8 21.
Rac1 Qb5 22. Rc2 Ne7 23. Ne5 Ng6 24. f4 Bxe5 25. fxe5 Rxf1+ 26. Kxf1 Qd7 27. Be3
Qg4 28. Re2 Rf8+ 29. Ke1 Qe4 30. Bg5 Qf5 31. e6 Qf1+ 32. Kd2 Rf2 33. Qh5 Qxg2
34. Rxf2 Qxf2+ 35. Qe2 Qf5 36. h4 Nc8 37. e7 Ncxe7 38. Bxe7 Nxe7 39. Qxe7 Qd3+
40. Ke1 Qg3+ 41. Ke2 Qd3+ 42. Kf2 Qc2+ 43. Qe2 Qf5+ 44. Ke1 Qh3 45. Qe5+ Kc8 46.
Qh8+ Kc7 47. Qxh7+ Kb6 48. Qg6+ Ka5 49. Qg5 b5 50. Qd2 Qf3 51. Qe2 Qh1+ 52. Kd2
Qa1 53. Kc2 Qxa2 54. h5 b4 55. axb4+ Kb6 56. Qe6+ Kc7 57. Qe7+ Kc8 58. Qc5+ Kb8
59. Qa5 1-0

[Event "Moscow Open B 2014"]
[Site "Moscow RUS"]
[Date "2014.02.06"]
[Round "6.2"]
[White "Doluhanova, Evgeniya"]
[Black "Atalik, Ekaterina"]
[Result "0-1"]
[WhiteTitle "WGM"]
[BlackTitle "IM"]
[WhiteElo "2345"]
[BlackElo "2439"]
[WhiteFideId "14112035"]
[BlackFideId "4130189"]
[EventDate "2014.02.01"]

1. e4 e6 2. d4 d5 3. Nc3 Nf6 4. Bg5 Be7 5. e5 Nfd7 6. Bxe7 Qxe7 7. f4 a6 8. Nf3
c5 9. dxc5 Nc6 10. Bd3 Nxc5 11. O-O Bd7 12. a3 Rc8 13. Kh1 Na5 14. f5 Nxd3 15.
cxd3 O-O 16. f6 gxf6 17. exf6 Qxf6 18. d4 Qg7 19. Ne5 f6 20. Nxd7 Qxd7 21. Qg4+
Kh8 22. Rae1 Rce8 23. Ne2 Nc6 24. Qh4 Qg7 25. Rf3 e5 26. Rg3 Qf7 27. Rf1 Nxd4
28. Nxd4 exd4 29. Qxd4 Re4 30. Qc3 d4 31. Qb4 Qe7 32. Qxe7 Rxe7 33. Rd3 Re4 34.
h3 Kg7 35. Rc1 Rf7 36. Kg1 f5 37. Rc4 Rd7 38. Kf2 Kf6 39. Kf3 h5 40. g3 Ke6 41.
b3 Kd5 42. Rc8 Rde7 43. Rd8+ Kc5 44. Rc8+ Kb6 45. Rd1 Re3+ 46. Kf4 Rxb3 47. a4
Rg7 48. Rxd4 Rgxg3 49. Rd5 Rgc3 50. a5+ Ka7 51. Rxc3 Rxc3 52. h4 Rb3 53. Rxf5
Rb5 54. Rg5 Kb8 55. Rg8+ Kc7 56. Rg7+ Kc6 57. Rg5 Kd6 58. Kg3 Ke6 59. Rg7 Kd5
60. Rc7 Kd6 61. Rh7 Kc6 62. Rh6+ Kc7 63. Rh7+ Kb8 64. Kf4 Rxa5 65. Rg7 Rb5 66.
Rg5 Kc7 67. Rg7+ Kb6 68. Rg6+ Ka5 69. Rg5 b6 70. Ke3 Kb4 71. Kd4 a5 72. Kd3 Rc5
73. Rg1 a4 74. Rb1+ Ka5 75. Kd4 Rb5 76. Rh1 Rc5 77. Rb1 Rc8 78. Ra1 b5 79. Kd3
b4 0-1

[Event "Moscow Open B 2014"]
[Site "Moscow RUS"]
[Date "2014.02.06"]
[Round "6.3"]
[White "Bodnaruk, Anastasia"]
[Black "Pustovoitova, Daria"]
[Result "1-0"]
[WhiteTitle "IM"]
[BlackTitle "FM"]
[WhiteElo "2452"]
[BlackElo "2288"]
[WhiteFideId "4181751"]
[BlackFideId "4182146"]
[EventDate "2014.02.01"]

1. e4 e6 2. d4 d5 3. e5 c5 4. c3 Ne7 5. Nf3 Nec6 6. a3 a5 7. Bd3 b6 8. O-O Ba6
9. Bxa6 Nxa6 10. Be3 Be7 11. a4 O-O 12. Ne1 cxd4 13. cxd4 f6 14. exf6 Bxf6 15.
Nc3 Nc7 16. f4 Ne8 17. Nf3 Nd6 18. Bf2 Rc8 19. Qe2 Re8 20. Rad1 Nb4 21. Ne5 Qe7
22. Rfe1 Qb7 23. Qf3 b5 24. axb5 Nxb5 25. Ng4 Nd6 26. Re2 Bd8 27. Rde1 Qf7 28.
Ne5 Qa7 29. Qh3 Nf5 30. Na4 Nc2 31. Rd1 Bb6 32. Nxb6 Qxb6 33. Nf3 h6 34. Qg4 Qb3
35. Qg6 Ncxd4 36. Rxd4 Nxd4 37. Bxd4 Rc1+ 38. Kf2 Re7 39. Bxg7 Rxg7 40. Qxe6+
Kh8 41. Qxh6+ Kg8 42. Re8+ 1-0

[Event "Moscow Open B 2014"]
[Site "Moscow RUS"]
[Date "2014.02.06"]
[Round "6.4"]
[White "Girya, Olga"]
[Black "Komiagina, Maria"]
[Result "1-0"]
[WhiteTitle "WGM"]
[BlackTitle "WIM"]
[WhiteElo "2438"]
[BlackElo "2259"]
[WhiteFideId "4195752"]
[BlackFideId "4153987"]
[EventDate "2014.02.01"]

1. d4 Nf6 2. c4 g6 3. Nc3 Bg7 4. e4 d6 5. Nf3 O-O 6. h3 e5 7. d5 Na6 8. Be3 c6
9. Be2 cxd5 10. cxd5 Nh5 11. O-O Nf4 12. Bc4 Qf6 13. Re1 Nc5 14. b4 Na6 15. a3
Bd7 16. Bb5 Bc8 17. Bf1 Qd8 18. Nb5 g5 19. Nd2 f5 20. Nc4 Nxh3+ 21. gxh3 f4 22.
Bd2 f3 23. Nbxd6 g4 24. Nf5 Bxf5 25. exf5 h5 26. hxg4 hxg4 27. Re4 g3 28. Qxf3
gxf2+ 29. Qxf2 Qxd5 30. Rg4 Kf7 31. Ne3 Qd7 32. Bc4+ Ke8 33. Be6 Nb8 1-0

[Event "Moscow Open B 2014"]
[Site "Moscow RUS"]
[Date "2014.02.06"]
[Round "6.5"]
[White "Goryachkina, Aleksandra"]
[Black "Belenkaya, Dina"]
[Result "1-0"]
[WhiteTitle "WGM"]
[BlackTitle "WFM"]
[WhiteElo "2428"]
[BlackElo "2246"]
[WhiteFideId "4147103"]
[BlackFideId "24142654"]
[EventDate "2014.02.01"]

1. Nf3 d5 2. b3 Nf6 3. Bb2 Bf5 4. g3 e6 5. Bg2 Nbd7 6. O-O Be7 7. d3 h6 8. Nbd2
O-O 9. c4 c6 10. Qc2 Re8 11. a3 a5 12. Rac1 Bd6 13. Qb1 e5 14. cxd5 cxd5 15. e4
Be6 16. exd5 Bxd5 17. Nc4 Bc7 18. Rfe1 Qb8 19. Qc2 Bc6 20. d4 exd4 21. Bxd4 Be4
22. Qb2 Ra6 23. Ncd2 Bd5 24. Bh3 Rxe1+ 25. Rxe1 Qd8 26. Nh4 Rc6 27. Rd1 Bb6 28.
Nf1 Bxd4 29. Rxd4 Be6 30. Bxe6 Rxe6 31. Ne3 Qc7 32. Rc4 Qe5 33. Qb1 Re8 34. Nf3
Qh5 35. Qf5 Qxf5 36. Nxf5 b6 37. Rc7 Rf8 38. N3d4 g6 39. Nxh6+ Kg7 40. Ng4 Rd8
41. Nxf6 Nf8 42. Ne2 Kxf6 43. Rc6+ Ke5 44. Rxb6 Rd3 45. Nf4 Rc3 46. Rb7 Rc1+ 47.
Kg2 Kf6 48. Nd5+ Ke6 49. Rb5 Rb1 50. Nc3 Rb2 51. Na4 Rc2 52. Rxa5 Nd7 53. b4 1-0

[Event "Moscow Open B 2014"]
[Site "Moscow RUS"]
[Date "2014.02.07"]
[Round "7.1"]
[White "Bodnaruk, Anastasia"]
[Black "Kashlinskaya, Alina"]
[Result "1/2-1/2"]
[WhiteTitle "IM"]
[BlackTitle "WGM"]
[WhiteElo "2452"]
[BlackElo "2433"]
[WhiteFideId "4181751"]
[BlackFideId "4198026"]
[EventDate "2014.02.01"]

1. e4 e5 2. Nf3 Nc6 3. Bb5 Nf6 4. d3 Bc5 5. Bxc6 dxc6 6. O-O Nd7 7. b3 O-O 8.
Bb2 f6 9. Nbd2 Rf7 10. c3 Nf8 11. d4 Bd6 12. Nc4 Be6 13. Ne3 Ng6 14. Qc2 Qe8 15.
Rad1 Rd8 16. Rfe1 Rfd7 17. d5 cxd5 18. exd5 Bf7 19. c4 Bf8 20. Qe4 c6 21. dxc6
Rxd1 22. Rxd1 Rxd1+ 23. Nxd1 Qxc6 24. Qxc6 bxc6 25. g3 Be7 26. Nc3 Nf8 27. Bc1
Bg6 28. Be3 Bb4 29. Bd2 Ne6 30. Na4 Ba3 31. Be3 a6 32. Nd2 Bd3 33. Kg2 Nd4 34.
f4 Kf7 35. fxe5 fxe5 36. Bxd4 exd4 37. Nf3 Bb1 38. Nxd4 Bb4 39. c5 Bxa2 40. Kf3
Bd2 41. Ke4 Bb1+ 42. Ke5 Ba2 43. Nxc6 Bxb3 44. Nb6 Bc3+ 45. Kd6 a5 46. Nd8+ Ke8
47. Ne6 Bb4 48. Nc7+ Kd8 49. Ncd5 Ba3 50. Nc3 Bb4 51. Ncd5 Ba3 52. Nc3 Bb4 53.
Nca4 Bd1 54. Nb2 Bc2 55. Kc6 1/2-1/2

[Event "Moscow Open B 2014"]
[Site "Moscow RUS"]
[Date "2014.02.07"]
[Round "7.2"]
[White "Atalik, Ekaterina"]
[Black "Kovanova, Baira"]
[Result "1/2-1/2"]
[WhiteTitle "IM"]
[BlackTitle "WGM"]
[WhiteElo "2439"]
[BlackElo "2400"]
[WhiteFideId "4130189"]
[BlackFideId "4164083"]
[EventDate "2014.02.01"]

1. d4 Nf6 2. c4 e6 3. Nc3 Bb4 4. Qc2 O-O 5. a3 Bxc3+ 6. Qxc3 b6 7. Bg5 Bb7 8. e3
d6 9. Nf3 Nbd7 10. Ng1 Nb8 11. Nf3 Nbd7 12. Nd2 Qe7 13. Bd3 c5 14. dxc5 Nxc5 15.
Be2 e5 16. b4 Ne6 17. Bxf6 Qxf6 18. O-O Rfd8 19. Bf3 d5 20. cxd5 Bxd5 21. Rac1
h6 22. Rfd1 Ng5 23. Bxd5 Rxd5 24. h4 Ne6 25. Ne4 Rxd1+ 26. Rxd1 Qxh4 27. Qxe5
Rd8 28. Rxd8+ Qxd8 29. Qd6 Qc8 30. Qd3 Ng5 31. Nxg5 hxg5 32. f3 Qc1+ 33. Kh2 f6
34. Qd8+ Kh7 35. Qe8 Qxa3 36. Qh5+ Kg8 37. Qe8+ Kh7 38. Qh5+ Kg8 39. Qe8+ Kh7
40. Qh5+ 1/2-1/2

[Event "Moscow Open B 2014"]
[Site "Moscow RUS"]
[Date "2014.02.07"]
[Round "7.3"]
[White "Schepetkova, Margarita"]
[Black "Girya, Olga"]
[Result "1/2-1/2"]
[WhiteTitle "WIM"]
[BlackTitle "WGM"]
[WhiteElo "2303"]
[BlackElo "2438"]
[WhiteFideId "4189949"]
[BlackFideId "4195752"]
[EventDate "2014.02.01"]

1. d4 d5 2. c4 c6 3. Nc3 Nf6 4. e3 a6 5. Qc2 e6 6. Nf3 c5 7. cxd5 exd5 8. Be2
Be6 9. O-O Nc6 10. Rd1 cxd4 11. Nxd4 Nxd4 12. Rxd4 Bc5 13. Rd1 Qe7 14. Na4 Bd6
15. Nb6 Bxh2+ 16. Kxh2 Qd6+ 17. Kg1 Qxb6 18. Qa4+ Bd7 19. Qf4 O-O 20. b3 Qe6 21.
Bb2 Rac8 22. Bxf6 Qxf6 23. Qxf6 gxf6 24. Rxd5 Be6 25. Rd4 Rc2 26. Bf3 Rb8 27.
Bd5 Bxd5 28. Rxd5 Rbc8 29. Rd7 Rb2 30. Rxb7 Rcc2 31. Rf1 Rxa2 32. Rb4 Rcb2 33.
Rf4 Rxb3 34. Rc1 Rab2 35. Rc8+ Kg7 36. Ra4 Rb1+ 37. Kh2 Rb5 38. Rxa6 Rh5+ 39.
Kg3 Rg5+ 40. Kh2 Rb2 41. Kg1 Rb3 42. Kh2 Rb1 43. Ra4 Rgb5 44. Ra6 Rh5+ 45. Kg3
Rg5+ 46. Kh2 Rb2 47. Kg1 Rf5 48. Ra4 Rbxf2 49. Rg4+ Kh6 50. Rh4+ Kg7 51. Rg4+
Kh6 52. Rh4+ Kg7 53. Rg4+ 1/2-1/2

[Event "Moscow Open B 2014"]
[Site "Moscow RUS"]
[Date "2014.02.07"]
[Round "7.4"]
[White "Charochkina, Daria"]
[Black "Goryachkina, Aleksandra"]
[Result "1/2-1/2"]
[WhiteTitle "WGM"]
[BlackTitle "WGM"]
[WhiteElo "2359"]
[BlackElo "2428"]
[WhiteFideId "4180917"]
[BlackFideId "4147103"]
[EventDate "2014.02.01"]

1. Nf3 Nf6 2. c4 e6 3. e3 b6 4. d4 Bb7 5. Bd3 c5 6. Nc3 g6 7. d5 Bg7 8. e4 d6 9.
O-O e5 10. h3 O-O 11. Bg5 h6 12. Be3 Nbd7 13. Qd2 Kh7 14. a3 Qe7 15. g4 h5 16.
Bg5 hxg4 17. hxg4 Rh8 18. Kg2 Kg8 19. Ne1 Qf8 20. f3 Nh7 21. Be3 Qe7 22. Ne2 Bf6
23. Rh1 Kg7 24. Bh6+ Kg8 25. Nc2 Bg5 26. Ne3 Bxh6 27. Rxh6 Ng5 28. Rxh8+ Kxh8
29. Rh1+ Kg8 30. Rh6 Nf8 31. Ng3 Bc8 32. b4 Bd7 33. Nd1 Nfh7 34. Nc3 Kg7 35. Rh1
Rh8 36. Be2 Nf8 37. Qc1 Rxh1 38. Nxh1 f5 39. exf5 gxf5 40. gxf5 Bxf5 41. Ng3
Bh3+ 42. Kg1 Ng6 43. Nh5+ Kg8 44. bxc5 bxc5 45. Qb1 Nf8 46. Kf2 Qf7 47. Ng3 Bg4
48. Nce4 Nh3+ 49. Ke1 Bxf3 50. Nxd6 Qf4 51. Nge4 Qe3 52. Qd3 Qc1+ 53. Qd1 Qe3
54. Qd3 Qc1+ 55. Qd1 1/2-1/2

[Event "Moscow Open B 2014"]
[Site "Moscow RUS"]
[Date "2014.02.07"]
[Round "7.5"]
[White "Guseva, Marina"]
[Black "Ainutdinova, Yekaterina"]
[Result "0-1"]
[WhiteTitle "IM"]
[BlackTitle "WFM"]
[WhiteElo "2388"]
[BlackElo "2105"]
[WhiteFideId "4149351"]
[BlackFideId "13705563"]
[EventDate "2014.02.01"]

1. d4 Nf6 2. c4 g6 3. Nf3 Bg7 4. e3 c5 5. Be2 O-O 6. O-O d5 7. b3 Nc6 8. Bb2
cxd4 9. Nxd4 Nxd4 10. Bxd4 Be6 11. c5 Nd7 12. Bxg7 Kxg7 13. Nc3 Ne5 14. b4 f6
15. Qb3 Bf7 16. Rfd1 a5 17. f4 axb4 18. Qxb4 Nd7 19. Nxd5 Qa5 20. Qxb7 Ra7 21.
Qb5 Nxc5 22. Qxa5 Rxa5 23. Bc4 Rd8 24. Rac1 Ne4 25. Rd4 Raxd5 26. Bxd5 Bxd5 27.
Rc7 Kf7 28. a4 Rb8 29. g4 Ke6 30. f5+ gxf5 31. gxf5+ Kd6 32. Rc2 Rb1+ 33. Kg2
Ke5 34. h4 Re1 35. Kf3 Rf1+ 36. Kg4 Rg1+ 37. Kf3 Nc3+ 38. Rxd5+ Nxd5 39. e4 Nf4
40. Rc7 Rf1+ 41. Kg3 Kxe4 42. Rxe7+ Kxf5 43. Rxh7 Ra1 44. Ra7 Ra3+ 45. Kf2 Kg4
46. a5 Kxh4 47. a6 Kg4 48. Rg7+ Kf5 49. a7 Nd3+ 50. Kg2 Ne5 51. Rc7 Ke6 0-1

[Event "Moscow Open B 2014"]
[Site "Moscow RUS"]
[Date "2014.02.08"]
[Round "8.1"]
[White "Girya, Olga"]
[Black "Kashlinskaya, Alina"]
[Result "1-0"]
[WhiteTitle "WGM"]
[BlackTitle "WGM"]
[WhiteElo "2438"]
[BlackElo "2433"]
[WhiteFideId "4195752"]
[BlackFideId "4198026"]
[EventDate "2014.02.01"]

1. Nf3 d5 2. g3 Nf6 3. Bg2 Bg4 4. O-O c6 5. d3 e6 6. Nbd2 Nbd7 7. Qe1 Be7 8. h3
Bxf3 9. Nxf3 O-O 10. e4 dxe4 11. dxe4 e5 12. Nh4 Re8 13. Nf5 Bf8 14. Qe2 Qc7 15.
a4 a5 16. b3 Nc5 17. Bg5 Nfd7 18. Rad1 Ne6 19. Qg4 Kh8 20. h4 Nxg5 21. hxg5 Nc5
22. Bf3 Ne6 23. Kg2 Be7 24. g6 fxg6 25. Rh1 gxf5 26. Qg6 Bh4 27. Rxh4 Nf8 28.
Qxf5 Rad8 29. Rhh1 Qe7 30. Be2 g6 31. Qg4 Rxd1 32. Rxd1 Rd8 33. Rxd8 Qxd8 34.
Bc4 Kg7 35. Qf3 Qf6 36. Qe3 Ne6 37. Bxe6 Qxe6 38. Qb6 Qd7 39. Qxa5 Qd4 40. Qe1
h5 41. Qe2 Qc3 42. Qd1 Qb4 43. Qd3 Kh6 44. Kf3 Kg7 45. Kg2 Kh6 46. Kh3 Qe1 47.
Qf3 Kg7 48. Kg2 Qd2 49. c3 Qc2 50. c4 Qd2 51. g4 hxg4 52. Qxg4 Qd4 53. Qh4 Kf7
54. a5 Qd3 55. Qh7+ Kf6 56. Qh8+ Ke6 57. Qc8+ Kf6 58. Qh8+ Ke6 59. Qh3+ Qxh3+
60. Kxh3 c5 61. Kh4 Kf6 62. Kg4 Kf7 63. Kf3 g5 64. Ke3 g4 65. b4 cxb4 66. c5 Ke7
67. c6 1-0

[Event "Moscow Open B 2014"]
[Site "Moscow RUS"]
[Date "2014.02.08"]
[Round "8.2"]
[White "Ambartsumova, Karina"]
[Black "Bodnaruk, Anastasia"]
[Result "1/2-1/2"]
[WhiteTitle "WGM"]
[BlackTitle "IM"]
[WhiteElo "2340"]
[BlackElo "2452"]
[WhiteFideId "4166299"]
[BlackFideId "4181751"]
[EventDate "2014.02.01"]

1. Nf3 c5 2. c4 Nf6 3. Nc3 e6 4. d4 cxd4 5. Nxd4 a6 6. g3 Qc7 7. Qd3 Nc6 8. Nxc6
Qxc6 9. e4 b6 10. Bg2 Bb7 11. Bd2 Ng4 12. b3 Bc5 13. O-O f5 14. Qe2 O-O 15. Rae1
Bd4 16. Nd1 b5 17. Bc3 Bb6 18. Qb2 Rf7 19. Bd4 f4 20. h3 Nh6 21. gxf4 Bxd4 22.
Qxd4 Nf5 23. cxb5 axb5 24. Qc3 Nh4 25. Qxc6 Bxc6 26. Re2 Rxf4 27. Bh1 b4 28.
Rfe1 Ra5 29. Kh2 Ng6 30. Ne3 Rh5 31. Nc2 Bb5 32. Rd2 Ne5 33. Nxb4 Rf3 34. Bg2 g5
35. Kg1 Rc3 36. Rc2 Rcxh3 37. Rc8+ Kg7 38. Bxh3 Nf3+ 39. Kg2 Nxe1+ 40. Kg3 Be2
41. Rc1 g4 42. Rxe1 Rxh3+ 43. Kf4 Rf3+ 44. Kxg4 Rxb3+ 45. Rxe2 Rxb4 46. f4 Kg6
47. Rd2 Rxe4 48. Rxd7 Re3 49. Re7 h5+ 50. Kh4 Kf6 51. Re8 Re4 52. Kxh5 Kf7 53.
Rb8 Rxf4 54. Kg5 Rf5+ 55. Kg4 Ra5 56. Rb2 Kg6 57. Kf4 Kf6 58. Ke4 Ra4+ 59. Ke3
Kf5 60. Rf2+ Ke5 61. Rb2 Ra3+ 62. Rb3 Rxa2 63. Rb5+ Kf6 64. Rc5 Ra4 65. Rb5 Ra1
66. Ke2 Ra3 67. Rc5 Ke7 68. Rb5 Kd6 69. Kd2 Rf3 70. Ke2 Rc3 71. Ra5 Ke7 72. Rb5
Kf6 73. Ra5 e5 74. Ra6+ Kf5 75. Ra4 Rb3 76. Rc4 Rb8 77. Ra4 e4 78. Ra7 Rd8 79.
Ke3 Rd3+ 80. Ke2 Rb3 81. Rf7+ Ke5 82. Re7+ Kf4 1/2-1/2

[Event "Moscow Open B 2014"]
[Site "Moscow RUS"]
[Date "2014.02.08"]
[Round "8.3"]
[White "Atalik, Ekaterina"]
[Black "Schepetkova, Margarita"]
[Result "1-0"]
[WhiteTitle "IM"]
[BlackTitle "WIM"]
[WhiteElo "2439"]
[BlackElo "2303"]
[WhiteFideId "4130189"]
[BlackFideId "4189949"]
[EventDate "2014.02.01"]

1. d4 d5 2. c4 c6 3. Nc3 Nf6 4. Nf3 a6 5. cxd5 cxd5 6. Bf4 Nc6 7. Ne5 e6 8. e3
Bb4 9. Bd3 Bd7 10. Rc1 Nxe5 11. Bxe5 O-O 12. O-O Rc8 13. Qb3 Qa5 14. Bb1 Rfd8
15. f3 Ne8 16. Bg3 Bb5 17. Nxb5 Qxb5 18. a4 Qb6 19. Qd3 g6 20. Bh4 f6 21. Rxc8
Rxc8 22. e4 e5 23. Ba2 exd4 24. Bxd5+ Kg7 25. Bf2 Bc5 26. Bb3 Nd6 27. h4 Nf7 28.
f4 Nh6 29. h5 Ng4 30. Bh4 Ne3 31. Rc1 Qd6 32. Bg3 Qd7 33. hxg6 Qg4 34. Kf2 hxg6
35. Rxc5 Rxc5 36. Qxd4 Nf5 37. Qd7+ Kh6 38. exf5 Qxf5 39. Qxf5 gxf5 40. Bh4 Kg6
41. Ke2 Rc7 42. Be1 Rc1 43. a5 Kg7 44. Bc3 Ra1 45. Bd5 Ra4 46. g3 1-0

[Event "Moscow Open B 2014"]
[Site "Moscow RUS"]
[Date "2014.02.08"]
[Round "8.4"]
[White "Goryachkina, Aleksandra"]
[Black "Drozdova, Dina"]
[Result "1-0"]
[WhiteTitle "WGM"]
[BlackTitle "WIM"]
[WhiteElo "2428"]
[BlackElo "2241"]
[WhiteFideId "4147103"]
[BlackFideId "4170695"]
[EventDate "2014.02.01"]

1. Nf3 Nf6 2. g3 b6 3. Bg2 Bb7 4. O-O e6 5. b3 c5 6. Bb2 Be7 7. c4 O-O 8. d4
cxd4 9. Qxd4 Qc7 10. Nc3 a6 11. Rac1 d6 12. Rfd1 Nbd7 13. h3 Rfd8 14. Qe3 Re8
15. Nd4 Bxg2 16. Kxg2 Qb7+ 17. Qf3 Qxf3+ 18. exf3 Rec8 19. f4 g6 20. g4 Rab8 21.
f3 Kf8 22. Ba3 Rb7 23. Nde2 Ne8 24. Ne4 Nc5 25. Bxc5 dxc5 26. Rd2 Rd8 27. Rcd1
Rxd2 28. Rxd2 Nf6 29. g5 Nxe4 30. fxe4 Ke8 31. Kf3 Rd7 32. Rxd7 Kxd7 33. e5 Bf8
34. Nc3 Be7 35. Ne4 Kc6 36. Ke3 Kd7 37. Kd3 Kc6 38. Kc3 a5 39. Kb2 Kd7 40. Ka3
Kc7 41. Ka4 Kc6 42. Nf6 Bxf6 43. exf6 Kc7 44. Kb5 Kb7 45. a4 Kc7 46. Ka6 Kc6 47.
Ka7 Kc7 48. h4 Kc6 49. Kb8 1-0

[Event "Moscow Open B 2014"]
[Site "Moscow RUS"]
[Date "2014.02.08"]
[Round "8.5"]
[White "Kovanova, Baira"]
[Black "Ainutdinova, Yekaterina"]
[Result "1-0"]
[WhiteTitle "WGM"]
[BlackTitle "WFM"]
[WhiteElo "2400"]
[BlackElo "2105"]
[WhiteFideId "4164083"]
[BlackFideId "13705563"]
[EventDate "2014.02.01"]

1. Nf3 d5 2. g3 Nf6 3. Bg2 e6 4. O-O b5 5. d3 Bb7 6. Nbd2 Be7 7. c4 dxc4 8. dxc4
b4 9. b3 Nbd7 10. Bb2 a5 11. Qc2 Ra6 12. a3 Qa8 13. axb4 Bxb4 14. Bc3 O-O 15.
Ra2 Bxc3 16. Qxc3 Qa7 17. Rfa1 Ra8 18. Nd4 Bxg2 19. Kxg2 Qc5 20. Nb5 Nd5 21. Qd3
Ne5 22. Ne4 Qe7 23. Qd4 Nc6 24. Qc5 Ndb4 25. Qxe7 Nxe7 26. Ra4 1-0

[Event "Moscow Open B 2014"]
[Site "Moscow RUS"]
[Date "2014.02.09"]
[Round "9.1"]
[White "Charochkina, Daria"]
[Black "Atalik, Ekaterina"]
[Result "1/2-1/2"]
[WhiteTitle "WGM"]
[BlackTitle "IM"]
[WhiteElo "2359"]
[BlackElo "2439"]
[WhiteFideId "4180917"]
[BlackFideId "4130189"]
[EventDate "2014.02.01"]

1. c4 e5 2. Nc3 Nf6 3. g3 d5 4. cxd5 Nxd5 5. Bg2 Nb6 6. e3 Nc6 7. Nge2 Bd6 8.
O-O O-O 9. f4 f6 10. f5 Bd7 11. b3 Be8 12. Bb2 Qe7 13. Nb5 Rd8 14. Nxd6 Qxd6 15.
Nc3 Qxd2 16. Qxd2 Rxd2 17. Ba3 Rf7 18. Ne4 Re2 19. Bc5 Nd7 20. Bf3 Nxc5 21. Nxc5
Rxe3 22. Bd5 b6 23. Na6 Nd4 24. Nxc7 Bc6 25. Bxf7+ Kxf7 26. Ne6 Nxe6 27. fxe6+
Kxe6 28. Kf2 Rf3+ 29. Ke2 Rxf1 30. Kxf1 f5 31. Rc1 Kd6 32. h4 h6 33. Rd1+ Kc7
34. Re1 Kd6 35. Rd1+ Bd5 36. Rc1 Be6 37. Rd1+ Bd5 38. Rc1 Bc6 39. Rd1+ 1/2-1/2